000 01520nam a2200301 a 4500
001 000038475
003 DO-SdBNP
005 20230111092623.0
007 ta
008 130412s1986 dr 000 0 spa d
040 _aDO-SdBNP
_bspa
_cBNPHU
082 _a346.07
_bG633d, 1986
_222
100 1 _aGómez Hijo, Manuel Ubaldo,
_d1892-1951.
_919596
245 1 0 _aDerecho comercial /
_cManuel Ubaldo Gómez Hijo ; dirigida por Raymundo Amaro Guzmán
250 _a3a ed.
260 _aSanto Domingo :
_bTiempo,
_c1986.
300 _av. ;
_c21 cm.
490 1 _aEstudios jurídicos
_v2
500 _aIncluye referencias bibliográficas y notas al pie de las páginas
500 _aLa biblioteca posee el v.1
505 _aActos de comercio y comerciantes 40|Capacidad para ser comerciante 106|Obligaciones especiales de los comerciantes 133|Sociedades comerciales 153|Principios y reglas comunes a las sociedades comerciales 195|Sociedades por interés 274|Sociedades por acciones 328|Reglas de funcionamiento y órganos sociales 416|Características de algunas sociedades 487|Contratos comerciales 511|La venta comercial 527|La prenda comercial 555|Teoría de comisión 569|El transporte 604|Efectos de comercio 637|Pagarés a la orden 786
590 _aInventariado, 2018/LP
650 4 _aDerecho comercial
_zRepública Dominicana
_914449
700 _aGuzmán, Raymundo Amaro
_edirección
_983025
830 0 _aEstudios jurídicos ;
_n2
_964819
910 _aValidado. Control de calidad MFF
942 _2ddc
_cLBS1
999 _c37965
_d37965